Submanifolds and holonomy /

Bibliographic Details
Main Authors: Berndt, Jürgen, 1959- (Author), Console, Sergio (Author), Olmos, Carlos Enrique (Author)
Corporate Author: Taylor & Francis
Format: eBook
Language:English
Published: Boca Raton : CRC Press, [2016]
Edition:Second edition.
Series:Monographs and research notes in mathematics ; 21.
Subjects:
Online Access:Connect to the full text of this electronic book

MARC

Tag First Indicator Second Indicator Subfields
LEADER 00000cam a2200000 i 4500
001 in00005528186
006 m o d
007 cr cnu---unuuu
008 160211t20162016flua ob 001 0 eng d
005 20241111204753.2
035 |a (OCoLC)ocn938557169 
040 |a N$T  |b eng  |e rda  |e pn  |c N$T  |d N$T  |d EBLCP  |d YDXCP  |d UIU  |d OCLCF  |d OSU  |d DEBBG  |d IDB  |d MERUC  |d OCLCQ  |d EZ9  |d AU@  |d OCLCQ  |d WYU  |d LVT  |d YDX  |d UKAHL  |d UWO  |d UKMGB  |d OCLCQ  |d K6U  |d OCLCO  |d VT2  |d OCLCO  |d OCLCQ  |d SFB  |d OCLCQ  |d OCLCO  |d OCLCL 
015 |a GBB613465  |2 bnb 
016 7 |a 017718301  |2 Uk 
019 |a 1066594100  |a 1076785075  |a 1110590605  |a 1272921786 
020 |a 9781482245165  |q (electronic book) 
020 |a 1482245167  |q (electronic book) 
020 |z 9781482245158  |q (print  |q alk. paper) 
020 |z 1482245159  |q (print  |q alk. paper) 
024 7 |a 10.1201/b19615  |2 doi 
035 |a (OCoLC)938557169  |z (OCoLC)1066594100  |z (OCoLC)1076785075  |z (OCoLC)1110590605  |z (OCoLC)1272921786 
037 |a TANDF_366717  |b Ingram Content Group 
050 4 |a QA649  |b .B467 2016 
072 7 |a MAT  |x 012000  |2 bisacsh 
082 0 4 |a 516.3/62  |2 23 
049 |a TXAM 
100 1 |a Berndt, Jürgen,  |d 1959-  |e author.  |1 https://id.oclc.org/worldcat/entity/E39PCjxvmxQGQptgb8xpQX7Hvd 
245 1 0 |a Submanifolds and holonomy /  |c Jürgen Berndt, Sergio Console, Carlos Enrique Olmos. 
250 |a Second edition. 
264 1 |a Boca Raton :  |b CRC Press,  |c [2016] 
264 4 |c ©2016 
300 |a 1 online resource (xxxviii, 443 pages) :  |b illustrations 
336 |a text  |b txt  |2 rdacontent 
337 |a computer  |b c  |2 rdamedia 
338 |a online resource  |b cr  |2 rdacarrier 
490 1 |a Monographs and research notes in mathematics ;  |v 21 
588 0 |a Online resource; title from PDF title page (EBSCO, viewed February 12, 2016). 
504 |a Includes bibliographical references. 
500 |a "A Chapman & Hall book." 
504 |a Includes bibliographical references and index. 
505 0 |a Front Cover -- Dedication -- Contents -- List of Figures -- List of Tables -- Preface to the First Edition -- Preface to the Second Edition -- Sergio Console (1965-2013) -- Introduction -- Chapter 1: Basics of Submanifold Theory in Space Forms -- Chapter 2: Submanifold Geometry of Orbits -- Chapter 3: The Normal Holonomy Theorem -- Chapter 4: Isoparametric Submanifolds and Their Focal Manifolds -- Chapter 5: Rank Rigidity of Submanifolds and Normal Holonomy of Orbits -- Chapter 6: Homogeneous Structures on Submanifolds -- Chapter 7: Normal Holonomy of Complex Submanifolds -- Chapter 8: The Berger-Simons Holonomy Theorem -- Chapter 9: The Skew-Torsion Holonomy Theorem -- Chapter 10: Submanifolds of Riemannian Manifolds -- Chapter 11: Submanifolds of Symmetric Spaces -- Chapter 12: Polar Actions on Symmetric Spaces of Compact Type -- Chapter 13: Polar Actions on Symmetric Spaces of Noncompact Type -- Appendix A: Basic Material -- Bibliography -- Back Cover. 
650 0 |a Submanifolds. 
650 0 |a Holonomy groups. 
650 6 |a Sous-variétés (Mathématiques) 
650 6 |a Groupes d'holonomie. 
650 7 |a MATHEMATICS  |x Geometry  |x General.  |2 bisacsh 
650 7 |a Holonomy groups  |2 fast 
650 7 |a Submanifolds  |2 fast 
655 7 |a Electronic books.  |2 local 
700 1 |a Console, Sergio,  |e author. 
700 1 |a Olmos, Carlos Enrique,  |e author. 
710 2 |a Taylor & Francis 
758 |i has work:  |a Submanifolds and holonomy (Text)  |1 https://id.oclc.org/worldcat/entity/E39PCH8XXb4YTp7yDVrpKbGbkC  |4 https://id.oclc.org/worldcat/ontology/hasWork 
776 0 8 |i Erscheint auch als:  |n Druck-Ausgabe  |t Berndt, Jurgen. Submanifolds and Holonomy, Second Edition 
830 0 |a Monographs and research notes in mathematics ;  |v 21. 
856 4 0 |u http://proxy.library.tamu.edu/login?url=https://www.taylorfrancis.com/books/9780429113512  |z Connect to the full text of this electronic book  |t 0 
955 |a Taylor and Francis MATHnetBASE 
994 |a 92  |b TXA 
999 f f |s c787e7b6-6b46-454d-ac7d-67ffbf496fc7  |i 4aad22eb-c5b9-49a2-a397-fe52ef0d9b5b  |t 0 
952 f f |a Texas A&M University  |b College Station  |c Electronic Resources  |d Available Online  |t 0  |e QA649 .B467 2016  |h Library of Congress classification 
998 f f |a QA649 .B467 2016  |t 0  |l Available Online